000 00699nam a22002537a 4500
003 OSt
005 20220924113634.0
006 a|||||r|||| 00| 0
007 ta
008 220923b |||||||| |||| 00| 0 eng d
024 _a133281
037 _cGeneral Books
040 _aARTS
_cARTS
_beng
041 _2eng
_aeng
082 _aW:28:P11k, 152H9(RR)
100 _aRaghu Vira
245 0 _aDictionary of English Indian terms of administration
260 _aNA
_bNA
_c1949
300 _ap.
650 _aPOLITICAL SCIENCE
700 _a Gupta G S
_9170268
942 _hW:28:P11k, 152H9(RR)
_cGB
_2CC
999 _c390296
_d390296